000 01560nam0a2200361 4500
001 RU\NLR\bibl\1455228
005 20260405195948.0
010 _a978-5-902982-65-4
_9100
021 _aRU
_b2009-89193
_95616
035 _a(NLR Aleph) 001447035
090 _a1499178
_c1499178
100 _a20091218d2009 |||y0rusy50 ca
101 0 _arus
102 _aRU
105 _ay |||||||||
200 1 _aУстойчивое развитие: парадоксы и противоречия
_dSteady development: paradoxes and contradictions
_fВ. С. Гнатюк
_gРос. акад. наук, Юж. науч. центр
_zeng
210 _aРостов-на-Дону
_cИзд-во ЮНЦ РАН
_d2009
215 _a334 с.
_d21
300 _aАвт. также на англ. яз.: V. S. Gnatjuck
320 _aБиблиогр.: с. 310-333 (453 назв.) и в подстроч. примеч.
510 1 _6z55790
_aSteady development: paradoxes and contradictions
_zeng
606 1 _aУстойчивого развития концепция
_xКультурологические проблемы
_92097938
_3RU\NLR\auth\661269180
686 _aЮ6
686 _aС550
700 1 _4070
_8rus
_7ca
_aГнатюк
_bВ. С.
_gВиктор Степанович
_3RU\NLR\auth\7787614
_970542
790 1 _4070
_8rus
_7ba
_aGnatjuk
_bV. S.
_gViktor Stepanovič
_3RU\NLR\auth\7787615
_970543
801 0 _aRU
_bNLR
_c20091218
_gRCR
801 1 _aRU
_bNLR
_c20091218
830 _aавт. по кн.
942 _cBOOK
980 _aNB